Možnosti investovania malých a stredných podnikov bakalárska práca

Guardado en:
Detalles Bibliográficos
Autor principal: Vozárik, Stanislav
Autor Corporativo: Podnikovohospodárska fakulta EU so sídlom v Košiciach. Katedra účtovníctva a financií
Otros Autores: Výrost, Tomáš, 1978-
Formato: Libro
Lenguaje:eslovaco
Publicado: Košice 2009
Etiquetas: Agregar Etiqueta
Sin Etiquetas, Sea el primero en etiquetar este registro!

MARC

LEADER 00000nam$a2200000$$$4500
001 0106010
005 20240320075157.0
041 0 |a slo 
044 |a SK 
245 1 0 |a Možnosti investovania malých a stredných podnikov  |b bakalárska práca  |c Stanislav Vozárik ; škol. Tomáš Výrost 
264 1 |a Košice  |c 2009 
300 |a 53 s. 
100 1 |a Vozárik, Stanislav 
700 1 |a Výrost, Tomáš, 1978- 
710 2 |a Podnikovohospodárska fakulta EU so sídlom v Košiciach. Katedra účtovníctva a financií